Представление документа в формате MARC21

Поле Инд. ПП Название Значение
Тип записи a
Библиографический уровень m
001 _ Контрольный номер RU\infra-m\znanium\bibl\1776329
005 _ Дата корректировки 20250915104054.7
008 Кодируемые данные 210708s2021 RU g rus u
020 a ISBN 978-5-16-016335-2
020 a ISBN 978-5-16-108630-8
040 a Служба первич. каталог. Общество с ограниченной ответственностью «ЗНАНИУМ»
041 a Код языка текста rus
044 a Код страны публикации RU
080 a Индекс УДК 80(075.32)
084 2 Источник индекса rubbk
a Индекс другой классификации/Индекс ББК 81.2Рус-5я723
084 2 Источник индекса okso
a Индекс другой классификации/Индекс ББК 00.02.34
100 1_ a Автор Кузнецова Надежда Владимировна
q Полное имя Надежда Владимировна
245 a Заглавие Русский язык и культура речи
b Продолж. заглавия Учебник
250 a Основные сведения об издании 3
260 a Место издания Москва
b Издательство ООО "Научно-издательский центр ИНФРА-М"
c Дата издания 2022
300 a Объем 368 с.
520 a Аннотация В учебнике представлены основные данные по культуре речи, а также школьный курс русского языка в расширенном и углубленном виде.
521 a Примеч. о целев. назн. Среднее профессиональное образование
650 a Основная рубрика Филологические науки
x Основная подрубрика Русский язык
852 x Примечание, не предназначенное для пользователя znanium2022
856 4_ a Имя сервера/домена znanium.com
m Помощь ebs_support@infra-m.ru
n Местонахождение сервера НИЦ ИНФРА-М
u URL http://znanium.com/catalog/document?id=379692
z Примечание для пользователя Участвует в КО
856 41 a Имя сервера/домена znanium.com
d Путь /cover/1776
f Электронное имя 1776329.jpg
q Тип электронного формата image/jpeg
u URL https://znanium.com/cover/1776/1776329.jpg